R6 Invitational 2026 - Statistics

General Stats
  • This quiz has been taken 13 times
  • The average score is 23 of 100
Answer Stats
Hint Answer % Correct
Spacestation Gaming Ashn
100%
Spacestation Gaming Benjamaster
100%
Team Falcons BriD
100%
M80 dfuzr
100%
G2 Esports Doki
100%
Dplus Faallz
100%
FURIA FelipoX
100%
M80 Gaveni
100%
FEARX GoodBoy
100%
FURIA HerdsZ
100%
Team Falcons LikEfac
100%
G2 Esports Loira
100%
Team Falcons Shaiiko
100%
Team Falcons Solotov
100%
Shopify Rebellion Spoit
100%
G2 Esports Stompn
100%
Team Falcons Yuzus
100%
Team Secret Adrian
50%
G2 Esports Alem4o
50%
Shopify Rebellion Ambi
50%
FaZe Clan Cyber
50%
M80 Gunnar
50%
Team Secret jume
50%
FaZe Clan KDS
50%
Fluxo W7M L0BIN
50%
Team Secret Mowwwgli
50%
Fluxo W7M Paluh
50%
FaZe Clan VITAKING
50%
Oxygen Esports Yoggah
50%
Weibo Gaming Ape
0%
Black Dragons AsK
0%
Oxygen Esports Atom
0%
Daystar AZuKi
0%
Wildcard Bae94
0%
ENTERPRISE Esports Bapn
0%
Wildcard bbySharKK
0%
G2 Esports BlaZ
0%
Dplus Bullet1
0%
Shopify Rebellion Canadian
0%
FEARX coted
0%
Wildcard dash
0%
Fluxo W7M Dodez
0%
Fluxo W7M Dotz
0%
Team Heretics Eupor
0%
ENTERPRISE Esports Fishoguy
0%
Team Heretics Flexy
0%
NIP Fntzy
0%
Oxygen Esports Forrest
0%
Spacestation Gaming Fultz
0%
Oxygen Esports GMZ
0%
Team Heretics Gruby
0%
Oxygen Esports Gryxr
0%
FaZe Clan Handyy
0%
NIP Hatez
0%
M80 Hotancold
0%
Weibo Gaming Hovenherst
0%
Elevate ion
0%
Spacestation Gaming J9O
0%
Daystar JoeGoR
0%
FURIA Jv92
0%
Wildcard kanzen
0%
FURIA Kheyze
0%
NIP kondz
0%
M80 Kyno
0%
Dplus Levy
0%
FEARX Mephi
0%
Black Dragons Miracle
0%
Dplus Mity
0%
Black Dragons Mr6otlaw
0%
FURIA nade
0%
Dplus NearZ
0%
Team Secret Noa
0%
Spacestation Gaming Nuers
0%
Team Heretics Oscr
0%
Daystar Pikan
0%
NIP pino
0%
ENTERPRISE Esports Playxr
0%
Elevate Psycho
0%
Black Dragons R4re
0%
Elevate Rappz
0%
Weibo Gaming Reeps96
0%
ENTERPRISE Esports Relaes
0%
Elevate resetz
0%
Shopify Rebellion Rexen
0%
FEARX RIN
0%
Team Secret Savage
0%
Daystar Seal
0%
Team Heretics Skeptic
0%
Daystar Souffle
0%
FaZe Clan soulz1
0%
Weibo Gaming SpeakEasy
0%
Wildcard Spiker
0%
Elevate Stemp
0%
Shopify Rebellion Surf
0%
Black Dragons Swag
0%
Weibo Gaming Terd
0%
ENTERPRISE Esports Tuhan
0%
Fluxo W7M volpz
0%
NIP Wizard
0%
FEARX Woogiman
0%
No matching quizzes found
Score Distribution
Percent of People with Each Score
Percentile by Number Answered
Your Score History
You have not taken this quiz